| 000 | 00532nam a2200229Ia 4500 | ||
|---|---|---|---|
| 008 | 210210b1997 xxu||||| |||| 00| 0 eng d | ||
| 082 | _a657.48 JAIA | ||
| 100 | _aJAIN (S P) | ||
| 245 | _aAdvanced financial accounting Rev Ed 3 | ||
| 250 | _a | ||
| 260 |
_aLudhiana. _bKalyani Publishers, _c1997 |
||
| 300 | _a59 | ||
| 650 | _aRev | ||
| 650 | _afinancial | ||
| 650 | _aEd | ||
| 650 | _aAdvanced | ||
| 650 | _aaccounting | ||
| 650 | _a3 | ||
| 690 | _aFinancial Accounting | ||
| 700 | _aNARANG (K L) | ||
| 906 | _a054050 | ||
| 999 |
_c102090 _d102090 |
||